Pueblos de Alicante - Estadísticas

Estadísticas generales
  • Esta prueba ha sido intentada 346 veces
  • La puntuación promedio es 39 de 141
Estadísticas de respuestas
Respuesta % Correcto
Benidorm
87%
Alicante
86%
Elche
85%
Alcoy
79%
Denia
76%
Elda
74%
Orihuela
74%
Altea
73%
Torrevieja
73%
San Vicente del Raspeig
71%
Calp
69%
Vall de Laguar
69%
Jávea
68%
San Juan
65%
Santa Pola
65%
Villena
65%
Novelda
64%
Petrer
62%
Villajoyosa
62%
Campello
60%
Ibi
59%
Sax
52%
Aspe
50%
Crevillente
50%
Guardamar del Segura
49%
Callosa de Ensarriá
48%
Castalla
45%
Jijona
45%
Muchamiel
44%
Cocentaina
43%
Agost
41%
Benissa
41%
La Nucía
41%
Muro de Alcoy
41%
Tibi
41%
Cox
40%
Onil
38%
Biar
37%
Monóvar
37%
Almoradí
36%
Castell de Guadalest
36%
Pilar de la Horadada
36%
Albatera
35%
Rojales
35%
Pinoso
34%
Monforte del Cid
33%
Pego
33%
Bañeres de Mariola
32%
Catral
29%
Ondara
29%
Finestrat
28%
Polop
28%
Alfaz del Pí
27%
Redován
26%
Benejama
25%
Busot
25%
Dolores
25%
La Romana
25%
San Isidro
24%
Teulada
24%
Pedreguer
23%
San Miguel de Salinas
23%
Benejúzar
22%
Hondón de las Nieves
22%
Salinas
22%
Benijófar
21%
Benitachell
21%
Gata de Gorgos
21%
Relleu
21%
Aguas de Busot
20%
Hondón de los Frailes
20%
San Fulgencio
20%
Algorfa
19%
Callosa de Segura
19%
Granja de Rocamora
19%
Jalón
19%
Benferri
18%
Bigastro
18%
Montesinos
18%
Orba
18%
Rafal
18%
Torremanzanas
18%
Agres
17%
Benilloba
17%
Sella
17%
Daya Nueva
16%
Daya Vieja
16%
Formentera del Segura
16%
Algueña
15%
Beniarrés
15%
Benimantell
15%
Orcheta
15%
Penáguila
15%
Campo de Mirra
14%
Alcocer de Planes
13%
Cañada
13%
Castell de Castells
13%
Jacarilla
13%
Alcalalí
12%
Alfafara
12%
Confrides
12%
Parcent
12%
Planes
12%
Tárbena
12%
Balones
11%
Benifato
11%
Bolulla
11%
Famorca
11%
Gorga
11%
Beniardá
10%
Llíber
10%
Verger (El)
10%
Adsubia
9%
Alcoleja
9%
Beniarbeig
9%
Benidoleig
9%
Benimarfull
9%
Murla
9%
Tollos
9%
Vall de Ebo
9%
Benasau
8%
Benifallim
8%
Lorcha
8%
Millena
8%
Vall de Gallinera
8%
Benigembla
7%
Senija
7%
Benillup
6%
Fageca
6%
Gaianes
6%
Quatretondeta
6%
Sanet y Negrals
6%
Almudaina
5%
Alqueria de Aznar
5%
Benimeli
5%
Sagra
5%
Tormos
5%
Benimassot
4%
Rafol de Almunia
3%
Valle de Alcalá
3%
Poblets
2%
No se encontraron pruebas coincidentes
Distribución de puntuación
Porcentaje de gente con cada puntuación
Porcentaje por número respondido
Historial de tus puntuaciones
No has intentado esta prueba.